000 00979nam a22002657a 4500
005 20080923102150.0
008 080923t xxu||||| |||| 00| 0 eng d
010 _aENG-91027
020 _c150.00
035 _aEN-74560
037 _bDBAD / PUB
040 _adpl
_bEnglish
082 _a335.43092
100 _aRay, Nirmal
245 _aRosa luxemburg:
_cby Nirmal Ray
_blife and personality /
260 _aKolkata
_bLittle Publishers
_c2007
270 _aP494A, Keyatala Raod,
_bKolkata
_e700029
300 _axxxiv, 74p.
_c22 cm (Hb)
500 _aIncludes bibliographical references and index
600 _aLuxemburg, Rosa, 1871-1919.
_xBiography
650 _aSocialism
_xHistory
_zGermany
650 _aCommunalism
_zGermany
942 _2ddc
_cEN
_mRAY
_h335.43092
999 _c15579
_d15579